000 03524cam a22012614i 4500
003 PE-LiUPU
005 20250813185351.0
008 170530s2016 sp a r 000 0 spa d
020 _a849116751X
020 _a9788491167518
035 _a(Sirsi) a204137
040 _aPE-LiUPU
_bspa
_cPE-LiUPU
_erda
049 _aPRUA
082 0 4 _a324.72
_bS42
_220
100 1 _aSerrano, Pipo,
_eautor.
245 1 3 _aLa cobertura digital de una campaña electoral :
_bestrategia, narrativas y uso del periodismo móvil (mojo) /
_cPipo Serrano.
250 _aPrimera edición.
264 1 _aBarcelona :
_bUOC,
_c2016.
300 _a119 páginas :
_bilustraciones ;
_c21 centímetros.
336 _atext
_2rdacontent
337 _aunmediated
_2rdamedia
338 _avolume
_2rdacarrier
490 0 _aColección Manuales (comunicación) ;
_v489.
505 0 _a¿Quiénes somos y qué hacemos? -- La campaña electoral: elecciones generales 26-J -- Preparando la cobertura digital de la campaña 26-J -- De la web a la televisión -- Nuestros redactores, los verdaderos protagonistas.
526 _aP202
526 _aP201
526 _aP163
526 _aP162
526 _aP161
526 _aP160
526 _aP148
526 _aP147
526 _aP146
526 _aP145
526 _aP144
526 _aP143
526 _aP142
526 _aP141
526 _aP140
526 _aP139
526 _aP138
526 _aP137
526 _aP136
526 _aP135
526 _aP134
526 _aP133
526 _aP129
526 _aP128
526 _aP127
526 _aP120
526 _aP119
526 _aP118
526 _aP116
526 _aP115
526 _aP114
526 _aP110
526 _aP109
526 _aP108
526 _aP104
526 _aP103
526 _aP102
526 _aP99
526 _aP98
526 _aP97
526 _aP96
526 _aP95
526 _aP93
526 _aP90
526 _aP89
526 _aP88
526 _aP83
526 _aP82
526 _aP62
526 _aP59
526 _aP58
526 _aP57
526 _aP51
526 _aP49
526 _aP48
526 _aP47
526 _aP29
526 _aP24
526 _aP20
526 _aP19
526 _aP17
526 _aP15
526 _aP14
526 _aP12
526 _aP10
526 _aP09
526 _aP08
526 _aP07
526 _aP06
526 _aP05
526 _aP04
526 _aP01
541 _g001-00373;
541 _g001-003608;
650 0 4 _aPeriodismo.
_9384
910 _ajck
_bncf
_cncf
_d20170530
910 _admb
_bksl
_cksl
_d20180710
942 _2ddc
_cBOOK
949 _a324.72 S42
_wDEWEY
_c1
_i76095
_lCCODEBUL1
_mBUL
_p26.16
_r0
_sY
_tBOOK
_u2017-05-30
_xIEDUCACION
_PP07
_0COMPRA
_o.STAFF. Colección Ciencias Humanas y Educación
994 _aC0
_bPEPRU
596 _a1
999 _a324.72 S42
_wDEWEY
_c20513
_i76095
_f2021-11-5
_g4
_lCCODEBUL1
_mBUL
_p26.16
_r0
_sY
_tBOOK
_u2017-5-30
_xBIBLIOTECA
_PP07
_0COMPRA
_o.STAFF. Colección Ciencias Humanas y Educación
_d20513
999 _a324.72 S42
_wDEWEY
_c2
_i78907
_f2021-11-5
_g4
_lCCODEBUL1
_mBUL
_p26.19
_r0
_sY
_tBOOK
_u2018-7-10
_xBIBLIOTECA
_PP07
_0COMPRA
_1FCOMPRA
_o.PUBLIC.
_o.STAFF. Colección Ciencias Humanas y Educación
980 _81
_gALBERTO SANCHEZ Responsable de Automatización